Six Sigma v riadení kvality diplomová práca

Salvato in:
Dettagli Bibliografici
Autore principale: Myslovičová, Anna
Ente Autore: Fakulta podnikového manažmentu EU. Katedra manažmentu výroby a logistiky - zrušená
Altri autori: Džubáková, Martina
Natura: Libro
Lingua:slovacco
Pubblicazione: Bratislava 2011
Tags: Aggiungi Tag
Nessun Tag, puoi essere il primo ad aggiungerne!!

MARC

LEADER 00000nbm a2200000 4500
001 0131731
005 20161109101726.2
041 0 |a slo 
044 |a SK 
245 1 0 |a Six Sigma v riadení kvality  |b diplomová práca  |c Anna Myslovičová ; školiteľ: Martina Džubáková 
264 1 |a Bratislava  |c 2011 
300 |a 88 s. 
100 1 |a Myslovičová, Anna 
700 1 |a Džubáková, Martina 
710 2 |a Fakulta podnikového manažmentu EU. Katedra manažmentu výroby a logistiky - zrušená